Podaj pełną nazwę filmu Borat - Statystyki

Ogólne statystyki
  • Ten quiz został rozwiązany 7 razy
  • Średni wynik to 7 z 13
Statystyki odpowiedzi
Odpowiedź % Poprawnych
Borat
100%
a
60%
Ameryce
60%
Kazachstan
60%
ludzie
60%
Podpatrzone
60%
w
60%
w
60%
aby
40%
rósł
40%
siłę
40%
żyli
40%
dostatniej
20%
Nie znaleziono quizów pasujących do podanych kryteriów
Rozkład punktacji
Procent ludzi z każdym wynikiem
Percentyl według liczby udzielonych odpowiedzi
Twoja historia wyników
Nie rozwiązałeś tego quizu